01323cam a22003253a 4500001000500000005001700005008004100022020001700063040002300080050001300103082000800116100002000124245012800144260004000272300003900312490003700351500003200388505000800420520018900428521002000617521002000637650003500657655003000692655002800722700003900750906004500789942001500834999001500849952013300864119020230825151617.0040721s2004 nyua j 000 0 eng d a078073003990 aOCOcOCOdDLCbeng00aPZ7.P915 aFic1 aPreller, James.14aThe case of the glow-in-the-dark ghost /cby James Preller ; illustrated by Jamie Smith ; cover illustration by R.W. Alley. aNew York :bScholastic Inc.,c2004. a70 pages :bIllustrations ;c20 cm1 aJigsaw Jones mysteries vBook 24 a"A Little Apple paperback". aJ  aJigsaw's school is haunted! Some kids saw a ghost dancing in the classroom. Jigsaw Jones is not afraid. He will catch this glowing ghost...even if he has to stay after school to do it!0 a450 bLexile 0 aJ bRaz-Plus  0aDetective and mystery stories. 7aChildren's stories.2lcsh 7aMystery fiction.2gsafd1 aSmith, Jamie,d1971-eillustrator. a7bcbcccopycatd2encipf20gy-genrareb 2ddccBKn0 c1190d1190 00102ddc40708JUVFa001b001cTTPd2023-08-07l2oPRE Fic PZ7.P915pFIS00552r2024-02-26 09:20:30s2024-02-19w2023-08-07yBK